World Psychiatry : Official Journal of the World Psychiatric Association (WPA). (Record no. 37359)

MARC details
000 -LEADER
fixed length control field 00495nam a2200145Ia 4500
022 ## - INTERNATIONAL STANDARD SERIAL NUMBER
ISSN 1723- 8617
050 ## - CALL MARK
Classification number RA790.A1. W67
245 ## - TITLE STATEMENT
Title World Psychiatry : Official Journal of the World Psychiatric Association (WPA).
250 ## - EDITION / VOLUME STATEMENT
Edition / Volume statement Vol. 24, No. 2
260 ## - PUBLICATION, DISTRIBUTION, ETC. (IMPRINT)
Place of publication Masson Italy, Milan
Name of publisher Masson Italy, Milan Elsevier, Milan Wiley Blackwell, [Milan]
Year of publication 2025
300 ## - PHYSICAL DESCRIPTION
Number of Pages ill. ; 29 cm.
650 ## - SUBJECT ADDED ENTRY--TOPICAL TERM
Topical Term Mental illness--Periodicals Psychiatry--Periodicals
942 ## - ADDED ENTRY ELEMENTS (KOHA)
Koha item type Serials
Source of classification Library of Congress Classification

No items available.